Krewella Charting Songs (Billboard Hot Dance) - Statistics

General Stats
  • This quiz has been taken 22 times
    8 since last reset
  • The average score is 13 of 15
Answer Stats
Album Weeks On Peak Artist(s) Song % Correct
Play Hard and Get Wet 25 Weeks #5 Krewella Alive
100%
Play Harder and Get Wet 14 Weeks #41 Krewella Come & Get It
100%
Get Wet 20 Weeks #29 Krewella Enjoy the Ride
100%
Zer0 12 Weeks #21 Krewella Greenlights
100%
Get Wet 1 Week #39 Krewella Human
100%
Get Wet 22 Weeks #11 Krewella Live for the Night
100%
Non-Album Single 1 Week #29 Krewella & Yellow Claw ft. Taylor Bennett New World
100%
Play Hard 20 Weeks #34 Krewella One Minute
100%
The Wave 1 Week #23 R3HAB & Krewella Ain't That Why
75%
Ammunition 1 Week #33 Krewella x Diskord Beggars
75%
Non-Album Single 20 Weeks #22 Nicky Romero vs Krewella Legacy
75%
New World, Pt. 1 16 Weeks #26 Krewella Team
75%
The Body Never Lies 1 Week #48 Krewella Drive Away
50%
Fallen Embers 4 Weeks #19 ILLENIUM, Krewella & SLANDER Lay It Down
50%
Get Wet 2 Weeks #21 Krewella We Go Down
50%
No matching quizzes found
Score Distribution
Percent of People with Each Score
Percentile by Number Answered
Your Score History
You have not taken this quiz since the last reset